000 00801nam a2200181 i 4500
001 183311
003 ES-MaACL
005 20230906221848.0
008 140313s1917 xxk |||| | eng d
100 0 _aSelver, Paul.
_9105363
245 1 0 _aModern Russian poetry
_b: texts and translations /
_cselected and translated, with an introduction, by P. Selver.
260 _aLondon :
_bK. Paul, Trench, Trubner & co., ltd. ;
_aNew York :
_bE.P. Dutton & co.,
_c1917.
300 _aXVI, 65, ;
_c20 cm.
500 _aTexto en inglés y ruso.
505 8 _aContiene: Introduction.--K. D. Balmont.--Alexander Block.--Valery Bryusov.--Ivan Bunin.--Zinaida Hippius.--Lokhvitskaya.--D. S. Merezhkovsky.--N. Minsky.--F. Sologub.--V. Solovyóv
650 4 _aPoesías rusas.
_9148469
852 _aES-MaACL
_jG-3523
999 _c183311
_d183311